International case studies in food tourism / (Record no. 52611)

MARC details
000 -LEADER
fixed length control field 00624nam a2200229Ia 4500
005 - DATE AND TIME OF LATEST TRANSACTION
control field 20260429112141.0
008 - FIXED-LENGTH DATA ELEMENTS--GENERAL INFORMATION
fixed length control field 260429s9999||||xx |||||||||||||| ||und||
020 ## - INTERNATIONAL STANDARD BOOK NUMBER
International Standard Book Number 9781032951737
041 ## - LANGUAGE CODE
Language English
082 ## - DEWEY DECIMAL CLASSIFICATION NUMBER
Classification number 647.94
Item number KIM
100 ## - MAIN ENTRY--PERSONAL NAME
Personal name Kim, Aise
245 #0 - TITLE STATEMENT
Title International case studies in food tourism /
Statement of responsibility, etc Aise Kim
250 ## - EDITION STATEMENT
Edition statement 1st ed.
260 ## - PUBLICATION, DISTRIBUTION, ETC. (IMPRINT)
Place of publication, distribution, etc London :
Name of publisher, distributor, etc Routledge,
Date of publication, distribution, etc 2025.
300 ## - PHYSICAL DESCRIPTION
Extent xxxi, 303 p.; pbk
440 ## - SERIES STATEMENT/ADDED ENTRY--TITLE
Title Routledge internaltional case studies in tourism
650 ## - SUBJECT ADDED ENTRY--TOPICAL TERM
Topical term or geographic name as entry element Case studies
650 ## - SUBJECT ADDED ENTRY--TOPICAL TERM
Topical term or geographic name as entry element Food tourism
700 ## - ADDED ENTRY--PERSONAL NAME
Personal name Aktas, Gurhan
700 ## - ADDED ENTRY--PERSONAL NAME
Personal name Kozak, Metin
942 ## - ADDED ENTRY ELEMENTS (KOHA)
Koha item type Text Books
Holdings
Withdrawn status Lost status Damaged status Not for loan Collection code Home library Location Shelving location Date of Cataloging Source of acquisition Total Checkouts Full call number Barcode Date last seen Price effective from Koha item type
        Non-fiction CUTN Central Library CUTN Central Library Medicine, Technology & Management 29/04/2026 TBH Library Book Suppliers, Chennai - Invoice No. SINV00733 on 09-02-2026   647.94 KIM 57714 29/04/2026 29/04/2026 Text Books